<?xml version="1.0" encoding="UTF-8"?>
<record
    xmlns:xsi="http://www.w3.org/2001/XMLSchema-instance"
    xsi:schemaLocation="http://www.loc.gov/MARC21/slim http://www.loc.gov/standards/marcxml/schema/MARC21slim.xsd"
    xmlns="http://www.loc.gov/MARC21/slim">

  <leader>01990nam a2200349   4500</leader>
  <controlfield tag="001">113834</controlfield>
  <controlfield tag="003">DR-UNIBE</controlfield>
  <controlfield tag="005">20250708145541.0</controlfield>
  <controlfield tag="008">250707b2003    dr ||||| |||| 00| 0 spa d</controlfield>
  <datafield tag="020" ind1=" " ind2=" ">
    <subfield code="a">8466736425</subfield>
  </datafield>
  <datafield tag="040" ind1=" " ind2=" ">
    <subfield code="a">BIBLIOTECA UNIBE</subfield>
    <subfield code="b">spa</subfield>
    <subfield code="c">BIBLIOTECA UNIBE</subfield>
    <subfield code="e">rda</subfield>
  </datafield>
  <datafield tag="041" ind1=" " ind2=" ">
    <subfield code="a">spa</subfield>
  </datafield>
  <datafield tag="082" ind1=" " ind2=" ">
    <subfield code="2">22</subfield>
    <subfield code="a">RD 372.7 M425</subfield>
  </datafield>
  <datafield tag="110" ind1="1" ind2="0">
    <subfield code="a">Rep&#xFA;blica Dominicana. Ministerio de Educaci&#xF3;n (MINERD) </subfield>
    <subfield code="9">4431</subfield>
    <subfield code="e">autor</subfield>
  </datafield>
  <datafield tag="245" ind1="1" ind2="0">
    <subfield code="a">Matem&#xE1;tica 5 /</subfield>
    <subfield code="c">Ministerio de Educaci&#xF3;n (MINERD)</subfield>
  </datafield>
  <datafield tag="250" ind1=" " ind2=" ">
    <subfield code="a">Primera edici&#xF3;n</subfield>
  </datafield>
  <datafield tag="260" ind1=" " ind2=" ">
    <subfield code="a">Santo Domingo </subfield>
    <subfield code="b">Ministerio de Educaci&#xF3;n (MINERD) :</subfield>
    <subfield code="b">Grupo Anaya,</subfield>
    <subfield code="c">2003</subfield>
  </datafield>
  <datafield tag="300" ind1=" " ind2=" ">
    <subfield code="a">221 p&#xE1;ginas :</subfield>
    <subfield code="b">ilustraciones a color ;</subfield>
    <subfield code="c">27 x 21 cm</subfield>
  </datafield>
  <datafield tag="490" ind1=" " ind2=" ">
    <subfield code="a">B&#xE1;sica Anaya</subfield>
  </datafield>
  <datafield tag="505" ind1=" " ind2=" ">
    <subfield code="a">Presentaci&#xF3;n |
1. El sistema de numeraci&#xF3;n decimal |
2. La adici&#xF3;n y sustracci&#xF3;n |
3. La multiplicaci&#xF3;n |
4. Las potencias  y la ra&#xED;z cuadrada |
5. La divisi&#xF3;n |
6. La medida del tiempo |
7. Rectas y &#xE1;ngulos |
8. Las fracciones |
9. Los n&#xFA;meros decimales |
10. Operaciones con decimales |
11. Porcentajes, razones y proporciones |
12. La medida de longitud |
13. Las figuras planas |
14. Tri&#xE1;ngulos y cuadril&#xE1;teros
15. Medida de superficies, &#xE1;rea de figuras planas |
16. Los cuerpos geom&#xE9;tricos |
17. Medidas de capacidad, de peso y de temperatura |
18. La representaci&#xF3;n  de datos</subfield>
  </datafield>
  <datafield tag="650" ind1=" " ind2="7">
    <subfield code="2">lemb</subfield>
    <subfield code="a"> Matem&#xE1;tica</subfield>
    <subfield code="v">Libros de texto</subfield>
    <subfield code="x">Ense&#xF1;anza</subfield>
    <subfield code="x">Educaci&#xF3;n primaria</subfield>
    <subfield code="z">Rep&#xFA;blica Dominicna</subfield>
    <subfield code="9">197143</subfield>
  </datafield>
  <datafield tag="700" ind1="1" ind2="0">
    <subfield code="a">Luciano Lopez, Margarita Mar&#xED;a, </subfield>
    <subfield code="d">1950-</subfield>
    <subfield code="9">18244</subfield>
    <subfield code="e">adaptaci&#xF3;n curricular</subfield>
  </datafield>
  <datafield tag="700" ind1=" " ind2="0">
    <subfield code="a">Alm&#xE1;nzar Rodr&#xED;guez, Luz</subfield>
    <subfield code="e">revisi&#xF3;n t&#xE9;cnico-pedag&#xF3;gica</subfield>
    <subfield code="9">24130</subfield>
  </datafield>
  <datafield tag="700" ind1="1" ind2="0">
    <subfield code="a">Ferrero, Luis</subfield>
    <subfield code="9">197058</subfield>
    <subfield code="e">redactor</subfield>
  </datafield>
  <datafield tag="700" ind1="1" ind2="0">
    <subfield code="a"> Gaztelu, Ignacio</subfield>
    <subfield code="9">197059</subfield>
    <subfield code="e">redactor</subfield>
  </datafield>
  <datafield tag="700" ind1="1" ind2="0">
    <subfield code="a">Mart&#xED;nez, Leopoldo</subfield>
    <subfield code="9">197060</subfield>
    <subfield code="e">redactor</subfield>
  </datafield>
  <datafield tag="700" ind1="1" ind2="0">
    <subfield code="a">Mart&#xED;n, Pablo</subfield>
    <subfield code="e">traductor</subfield>
    <subfield code="d">redactor</subfield>
    <subfield code="9">197065</subfield>
  </datafield>
  <datafield tag="700" ind1="1" ind2="0">
    <subfield code="a">Manche&#xF1;o, Raquel</subfield>
    <subfield code="e">editor</subfield>
    <subfield code="9">197062</subfield>
  </datafield>
  <datafield tag="700" ind1="1" ind2="0">
    <subfield code="a">Vargas, Pilar</subfield>
    <subfield code="e">editor</subfield>
    <subfield code="9">197063</subfield>
  </datafield>
  <datafield tag="710" ind1="1" ind2="0">
    <subfield code="a">Grupo Anaya</subfield>
    <subfield code="9">197061</subfield>
    <subfield code="e">ilustrador</subfield>
  </datafield>
  <datafield tag="942" ind1=" " ind2=" ">
    <subfield code="2">ddc</subfield>
    <subfield code="c">BK</subfield>
  </datafield>
  <datafield tag="999" ind1=" " ind2=" ">
    <subfield code="c">113834</subfield>
    <subfield code="d">113834</subfield>
  </datafield>
  <datafield tag="952" ind1=" " ind2=" ">
    <subfield code="0">0</subfield>
    <subfield code="1">0</subfield>
    <subfield code="2">ddc</subfield>
    <subfield code="7">0</subfield>
    <subfield code="8">GEN-RD</subfield>
    <subfield code="a">Principal</subfield>
    <subfield code="d">2025-05-07</subfield>
    <subfield code="l">0</subfield>
    <subfield code="o">RD 372.7 M425</subfield>
    <subfield code="p">250695</subfield>
    <subfield code="r">2025-07-07 10:32:37</subfield>
    <subfield code="t">Ej. 1</subfield>
    <subfield code="y">BK</subfield>
  </datafield>
</record>
